000 00643cam a22002052 4500
001 0000005792
005 20151217145826.0
008 070717s xx 000 0 eng d
020 _a0070589127 :
_cKES 800
040 _aKABU
_cKABU
050 0 _aQA76.9
_b.D35L572 2004
100 1 _aLipschutz, Seymour.
_@0000154949
245 1 0 _aSchaum's outline of theory and problems of essential computer mathematics.
260 _aNew Delhi :
_bTata McGraw-Hill,
_c2004.
300 _a357 p.
650 0 _aComputer science
_xMathematics.
_@0000154076
908 _a070717
950 _@1
999 _c2976
_d2976